Changes to Part E of the Building Regulations (Record no. 71938)
[ view plain ]
| 000 -LEADER | |
|---|---|
| fixed length control field | 01178cam a2200217 4500 |
| 001 - CONTROL NUMBER | |
| control field | ABS66326 |
| 008 - FIXED-LENGTH DATA ELEMENTS--GENERAL INFORMATION | |
| fixed length control field | 030120n2003 000 0 eng u |
| 035 ## - SYSTEM CONTROL NUMBER | |
| System control number | (Sirsi) u121069 |
| 100 ## - MAIN ENTRY--PERSONAL NAME | |
| Personal name | Robinson, A. |
| 245 ## - TITLE STATEMENT | |
| Title | Changes to Part E of the Building Regulations |
| 260 ## - PUBLICATION, DISTRIBUTION, ETC. | |
| Date of publication, distribution, etc. | 2003 |
| 490 ## - SERIES STATEMENT | |
| Series statement | Building Engineer |
| Volume/sequential designation | 78(1) January 2003, 14-15(2) |
| 520 ## - SUMMARY, ETC. | |
| Summary, etc. | Reviews the recent changes to the Building Regulations 2000 Approved Document E (2003 Edition) which propose to bring hostel and hotel accommodation within its scope, improve compliance with the regulations, improve the sound insulation between dwellings, and provide a minimum standard for walls within dwellings, control reverberation in the common parts of flats and regulate acoustic conditions in schools. Presents a concise overview of the new guidelines and gives details of where to find further information. |
| 590 ## - LOCAL NOTE (RLIN) | |
| Local note | ABS |
| 650 ## - SUBJECT ADDED ENTRY--TOPICAL TERM | |
| Topical term or geographic name entry element | BUILT ENVIRONMENT-CONSTRUCTION DESIGN-ACOUSTICS |
| 650 ## - SUBJECT ADDED ENTRY--TOPICAL TERM | |
| Topical term or geographic name entry element | BUILDING REGULATIONS |
| 9 (RLIN) | 6224 |
| 650 ## - SUBJECT ADDED ENTRY--TOPICAL TERM | |
| Topical term or geographic name entry element | BUILDING REGULATIONS 2000 APPROVED DOCUMENT E (2003 EDITION) |
| 650 ## - SUBJECT ADDED ENTRY--TOPICAL TERM | |
| Topical term or geographic name entry element | SOUND INSULATION |
| 690 ## - LOCAL SUBJECT ADDED ENTRY--TOPICAL TERM (OCLC, RLIN) | |
| Topical term or geographic name as entry element | BUILT ENVIRONMENT-BUILDING STANDARDS |
| 942 ## - ADDED ENTRY ELEMENTS (KOHA) | |
| Suppress in OPAC | 0 |
| Withdrawn status | Lost status | Source of classification or shelving scheme | Damaged status | Not for loan | Home library | Current library | Shelving location | Date acquired | Total Checkouts | Full call number | Barcode | Date last seen | Copy number | Price effective from | Koha item type |
|---|---|---|---|---|---|---|---|---|---|---|---|---|---|---|---|
| Dewey Decimal Classification | London | London | Journal article | 20/01/2003 | ABS66326 | 121069-1001 | 06/08/2019 | 1 | 06/08/2019 | Journal article |